Funfare audio 3. (Record no. 109065)
[ view plain ]
| 000 -LEADER | |
|---|---|
| fixed length control field | 00299nam a2200121 a 4500 |
| 005 - DATE AND TIME OF LATEST TRANSACTION | |
| control field | 20140414093837.0 |
| 008 - FIXED-LENGTH DATA ELEMENTS--GENERAL INFORMATION | |
| fixed length control field | 110322s19uu xx uuu eng d |
| 050 ## - LIBRARY OF CONGRESS CALL NUMBER | |
| Classification number | CT FUN |
| Item number | 1998 #3 |
| 245 ## - TITLE STATEMENT | |
| Title | Funfare audio 3. |
| 260 ## - PUBLICATION, DISTRIBUTION, ETC. (IMPRINT) | |
| Place of publication, distribution, etc | Philippines : |
| Name of publisher, distributor, etc | Star Records, |
| Date of publication, distribution, etc | 1998. |
| 942 ## - ADDED ENTRY ELEMENTS (KOHA) | |
| Koha item type | Audio Visual Materials |
| Withdrawn status | Lost status | Damaged status | Home library | Current library | Shelving location | Date acquired | Source of acquisition | Total Checkouts | Full call number | Barcode | Date last seen | Price effective from | Koha item type |
|---|---|---|---|---|---|---|---|---|---|---|---|---|---|
| Luxembourg Library | Luxembourg Library | Audio Visual Material Section | 03/22/2011 | CT FUN 1998 #3 | AV0607 | 04/14/2014 | 04/14/2014 | Audio Visual Materials |